Normal view
MARC view
Entry Personal Name
001 - CONTROL NUMBER
- control field: 49385
003 - CONTROL NUMBER IDENTIFIER
- control field: dpl
005 - DATE AND TIME OF LATEST TRANSACTION
- control field: 20120621113311.0
008 - FIXED-LENGTH DATA ELEMENTS
- fixed length control field: 120621|||a|||||| | ||| d
040 ## - CATALOGING SOURCE
- Original cataloging agency: dpl
- Transcribing agency: dpl
100 ## - HEADING--PERSONAL NAME
- Personal name: शर्मा, मृदुला
670 ## - SOURCE DATA FOUND
- Source citation: Work cat.: (dpl): चटर्जी, सुचित्रा वी. 49384, रोगों से कैसे बचें:प्रतिरक्षण एवं उपचार, 2008
670 ## - SOURCE DATA FOUND
- Source citation: Work cat.: (dpl): चटर्जी, सुचित्रा वी. 49384, रोगों से कैसे बचें:प्रतिरक्षण एवं उपचार, 2008
